<?xml version="1.0" encoding="UTF-8"?><?xml-stylesheet type="text/xsl" href="static/style.xsl"?><OAI-PMH xmlns="http://www.openarchives.org/OAI/2.0/" xmlns:xsi="http://www.w3.org/2001/XMLSchema-instance" xsi:schemaLocation="http://www.openarchives.org/OAI/2.0/ http://www.openarchives.org/OAI/2.0/OAI-PMH.xsd"><responseDate>2026-06-01T02:06:10Z</responseDate><request verb="GetRecord" identifier="oai:riuma.uma.es:10630/29412" metadataPrefix="marc">https://riuma.uma.es/rest/oai/request</request><GetRecord><record><header><identifier>oai:riuma.uma.es:10630/29412</identifier><datestamp>2026-02-03T10:52:49Z</datestamp><setSpec>com_10630_2254</setSpec><setSpec>col_10630_37953</setSpec></header><metadata><record xmlns="http://www.loc.gov/MARC21/slim" xmlns:dcterms="http://purl.org/dc/terms/" xmlns:doc="http://www.lyncode.com/xoai" xmlns:xsi="http://www.w3.org/2001/XMLSchema-instance" xsi:schemaLocation="http://www.loc.gov/MARC21/slim http://www.loc.gov/standards/marcxml/schema/MARC21slim.xsd">
   <leader>00925njm 22002777a 4500</leader>
   <datafield ind2=" " ind1=" " tag="042">
      <subfield code="a">dc</subfield>
   </datafield>
   <datafield ind2=" " ind1=" " tag="720">
      <subfield code="a">Guinea Martín, Daniel</subfield>
      <subfield code="e">author</subfield>
   </datafield>
   <datafield ind2=" " ind1=" " tag="720">
      <subfield code="a">Mora, Ricardo</subfield>
      <subfield code="e">author</subfield>
   </datafield>
   <datafield ind2=" " ind1=" " tag="720">
      <subfield code="a">Ruiz-Castillo, Javier</subfield>
      <subfield code="e">author</subfield>
   </datafield>
   <datafield ind2=" " ind1=" " tag="260">
      <subfield code="c">2018-10</subfield>
   </datafield>
   <datafield ind2=" " ind1=" " tag="520">
      <subfield code="a">We propose a measure of gender segregation over the life course that includes differences between women and men in occupational allocation, degree of time involvement in paid work, and their participation in different forms of economic activity and inactivity, such as paid work, homemaking, and retirement. We pool 21 Labour Force Surveys for the United Kingdom to measure, compare, and add up these various forms of segregation—occupational, time-related, and economic—from 1993 to 2013 (n = 1,815,482). The analysis relies on the Strong Decomposability property of the Mutual Information index. There are four main findings. First, the marketplace is the major contributor to gender segregation. Second, over the life course, the evolution of gender segregation parallels the inverted U-shaped pattern of the employment rate. Third, a tradeoff between occupational and non-occupational sources of segregation defines three distinct stages in the life course: the prime childbearing years, the years when children are school age, and the retirement years. Fourth, to a large extent, women’s heterogeneity drives age patterns in segregation.</subfield>
   </datafield>
   <datafield ind1="8" ind2=" " tag="024">
      <subfield code="a">Guinea-Martin, D., Mora, R., &amp; Ruiz-Castillo, J. (2018). The Evolution of Gender Segregation over the Life Course. American Sociological Review, 83(5), 983-1019. https://doi.org/10.1177/0003122418794503</subfield>
   </datafield>
   <datafield ind1="8" ind2=" " tag="024">
      <subfield code="a">https://hdl.handle.net/10630/29412</subfield>
   </datafield>
   <datafield ind1="8" ind2=" " tag="024">
      <subfield code="a">10.1177/0003122418794503</subfield>
   </datafield>
   <datafield tag="653" ind2=" " ind1=" ">
      <subfield code="a">Discriminación sexual en el trabajo</subfield>
   </datafield>
   <datafield ind2="0" ind1="0" tag="245">
      <subfield code="a">The Evolution of Gender Segregation over the Life Course</subfield>
   </datafield>
</record>
</metadata></record></GetRecord></OAI-PMH>